[Event "HK-chT 1920 Master"]
[Site "Denmark"]
[Date "2020.03.01"]
[Round "6"]
[White "Nielsen, Henning"]
[Black "Eddy, Samuel"]
[Result "1-0"]
[WhiteElo "2057"]
[BlackElo "2052"]
[PlyCount "87"]
[EventDate "2019.10.27"]
[EventType "team-tourn"]
[EventRounds "7"]
[EventCountry "DEN"]
[SourceTitle "EXT 2025"]
[Source "ChessBase"]
[SourceDate "2024.10.14"]
[SourceVersion "1"]
[SourceVersionDate "2024.10.14"]
[SourceQuality "1"]
[WhiteTeam "Maribo"]
[BlackTeam "Nykobing S"]
[WhiteTeamCountry "DEN"]
[BlackTeamCountry "DEN"]

1. e4 c5 2. Nf3 d6 3. c3 g6 4. d4 cxd4 5. cxd4 Bg7 6. Nc3 Nf6 7. Bc4 0-0 8. Qe2 Nc6 9. 0-0 a6 10. h3 Bd7 11. e5 Ne8 12. e6 fxe6 13. Bxe6+ Bxe6 14. Qxe6+ Kh8 15. Ng5 Nc7 16. Nf7+ Rxf7 17. Qxf7 Nxd4 18. Bg5 Nce6 19. Be3 Qf8 20. Qxf8+ Rxf8 21. Rab1 Nc2 22. Nd5 Re8 23. Rfc1 Ned4 24. Bxd4 Nxd4 25. Rc7 e6 26. Ne3 b5 27. Kf1 a5 28. b3 d5 29. Rbc1 Be5 30. Rc8 Rg8 31. Rxg8+ Kxg8 32. Rc8+ Kf7 33. Ra8 Nc6 34. Ra6 Nb4 35. Rxa5 d4 36. Ng4 Bd6 37. Ra7+ Kf8 38. Rd7 Bc5 39. a3 Nd5 40. b4 Be7 41. Ne5 Ke8 42. Rb7 Nc3 43. Rb8+ Bd8 44. Nc6 1-0

[Event "Politiken Cup 35th"]
[Site "Helsingor"]
[Date "2013.08.02"]
[Round "8"]
[White "Degerfeldt, Sven"]
[Black "Eddy, Samuel"]
[Result "0-1"]
[WhiteElo "1921"]
[BlackElo "2096"]
[PlyCount "66"]
[EventDate "2013.07.27"]
[EventType "swiss"]
[EventRounds "10"]
[EventCountry "DEN"]
[SourceTitle "CBM 155 Extra"]
[Source "ChessBase"]
[SourceDate "2013.08.26"]
[SourceVersion "1"]
[SourceVersionDate "2013.08.26"]
[SourceQuality "1"]

1. d4 Nf6 2. c4 c5 3. d5 b5 4. Nf3 g6 5. cxb5 a6 6. b6 Bg7 7. Nc3 Qxb6 8. e4 d6 9. Bd3 Nbd7 10. Qe2 Ng4 11. 0-0 Nge5 12. Nxe5 Nxe5 13. Bc2 0-0 14. h3 a5 15. a4 Ba6 16. Nb5 Bxb5 17. axb5 c4 18. Be3 Qxb5 19. Ba4 Qb4 20. Bd2 Qxb2 21. Rfb1 Qd4 22. Bc2 c3 23. Be3 Qc4 24. Qd1 Rfc8 25. f4 Nd7 26. Rc1 Nc5 27. e5 dxe5 28. f5 e4 29. fxg6 hxg6 30. Bxc5 Rxc5 31. Ra4 Qxd5 32. Qxd5 Rxd5 33. Bxe4 Rd4 0-1

[Event "Politiken Cup 35th"]
[Site "Helsingor"]
[Date "2013.08.01"]
[Round "7"]
[White "Eddy, Samuel"]
[Black "Olsson, Tomas"]
[Result "1/2-1/2"]
[WhiteElo "2096"]
[BlackElo "1932"]
[PlyCount "80"]
[EventDate "2013.07.27"]
[EventType "swiss"]
[EventRounds "10"]
[EventCountry "DEN"]
[SourceTitle "CBM 155 Extra"]
[Source "ChessBase"]
[SourceDate "2013.08.26"]
[SourceVersion "1"]
[SourceVersionDate "2013.08.26"]
[SourceQuality "1"]

1. d4 Nf6 2. c4 g6 3. Nc3 Bg7 4. e4 d6 5. f3 0-0 6. Be3 e5 7. Nge2 c6 8. Qd2 Nbd7 9. d5 cxd5 10. cxd5 Ne8 11. g4 a6 12. Ng3 b5 13. h4 f6 14. g5 Rf7 15. h5 Nf8 16. hxg6 hxg6 17. 0-0-0 fxg5 18. Bxg5 Bf6 19. Be3 Rh7 20. Rg1 Kh8 21. f4 exf4 22. Bxf4 Raa7 23. e5 dxe5 24. Be3 Rad7 25. Nce4 Be7 26. Bg2 Nd6 27. Nxd6 Bxd6 28. Ne4 Rc7+ 29. Kb1 Bf5 30. Bb6 Bxe4+ 31. Bxe4 Qh4 32. Bxg6 Nxg6 33. Bxc7 Qe4+ 34. Qd3 Qxd3+ 35. Rxd3 Nf4 36. Bxd6 Nxd3 37. Kc2 e4 38. Rg4 Rh6 39. Rxe4 Rxd6 40. Kxd3 Rxd5+ 1/2-1/2

[Event "Politiken Cup 35th"]
[Site "Helsingor"]
[Date "2013.07.31"]
[Round "6"]
[White "Frederiksen Kristian, Pade"]
[Black "Eddy, Samuel"]
[Result "0-1"]
[WhiteElo "1823"]
[BlackElo "2096"]
[PlyCount "50"]
[EventDate "2013.07.27"]
[EventType "swiss"]
[EventRounds "10"]
[EventCountry "DEN"]
[SourceTitle "CBM 155 Extra"]
[Source "ChessBase"]
[SourceDate "2013.08.26"]
[SourceVersion "1"]
[SourceVersionDate "2013.08.26"]
[SourceQuality "1"]

1. d4 Nf6 2. c4 c5 3. d5 b5 4. f3 e6 5. e4 exd5 6. cxd5 a6 7. a4 b4 8. Nd2 d6 9. Nc4 Nbd7 10. a5 Be7 11. Bd3 0-0 12. Ne2 Ne8 13. 0-0 Ne5 14. Nb6 Rb8 15. Bc2 Rxb6 16. axb6 Qxb6 17. Be3 Nc4 18. Bc1 Bf6 19. Ra2 a5 20. b3 Ne5 21. Be3 Nc7 22. h3 Ba6 23. f4 Ng6 24. Bd3 Re8 25. Ng3 Nxd5 0-1

[Event "Politiken Cup 35th"]
[Site "Helsingor"]
[Date "2013.07.29"]
[Round "4"]
[White "Madsen, Ole Rysgaard"]
[Black "Eddy, Samuel"]
[Result "1/2-1/2"]
[WhiteElo "1919"]
[BlackElo "2096"]
[PlyCount "49"]
[EventDate "2013.07.27"]
[EventType "swiss"]
[EventRounds "10"]
[EventCountry "DEN"]
[SourceTitle "CBM 155 Extra"]
[Source "ChessBase"]
[SourceDate "2013.08.26"]
[SourceVersion "1"]
[SourceVersionDate "2013.08.26"]
[SourceQuality "1"]

1. Nf3 Nf6 2. g3 d6 3. d3 e5 4. Bg2 g6 5. c4 Bg7 6. Nc3 Nc6 7. 0-0 0-0 8. a3 Nh5 9. Ng5 h6 10. Nge4 f5 11. Nd2 f4 12. Nde4 Bg4 13. h3 Be6 14. Kh2 Nd4 15. Nb5 Nxb5 16. cxb5 Qe7 17. Bd2 fxg3+ 18. fxg3 Rxf1 19. Qxf1 Rf8 20. Qg1 c5 21. bxc6 bxc6 22. Rc1 Bd5 23. Bb4 Bxe4 24. Bxe4 c5 25. Bd2 1/2-1/2

[Event "Politiken Cup 35th"]
[Site "Helsingor"]
[Date "2013.07.27"]
[Round "1"]
[White "Eddy, Samuel"]
[Black "Kristensen, Lars Ostergaard"]
[Result "1-0"]
[WhiteElo "2096"]
[BlackElo "1666"]
[PlyCount "55"]
[EventDate "2013.07.27"]
[EventType "swiss"]
[EventRounds "10"]
[EventCountry "DEN"]
[SourceTitle "CBM 155 Extra"]
[Source "ChessBase"]
[SourceDate "2013.08.26"]
[SourceVersion "1"]
[SourceVersionDate "2013.08.26"]
[SourceQuality "1"]

1. d4 d5 2. Nc3 Nf6 3. Bg5 Bf5 4. Bxf6 gxf6 5. e3 Nc6 6. Bd3 Qd7 7. Nge2 Nb4 8. Bxf5 Qxf5 9. Rc1 Qg4 10. a3 Qxg2 11. Rg1 Qxh2 12. axb4 0-0-0 13. Qd3 e5 14. Qf5+ Kb8 15. Qf3 exd4 16. Qxf6 Bxb4 17. Qxd4 Bxc3+ 18. bxc3 Rhg8 19. Rxg8 Rxg8 20. Qxd5 b6 21. Rd1 h5 22. Rd4 a5 23. Rf4 h4 24. Rxf7 h3 25. Nd4 Qg2 26. Nc6+ Ka8 27. Rxc7 Rg7 28. Qd8# 1-0

[Event "Taastrup Quick Weekend 13th M2"]
[Site "Taastrup"]
[Date "2011.04.03"]
[Round "5"]
[White "Andersen, Daniel"]
[Black "Eddy, Samuel"]
[Result "1/2-1/2"]
[WhiteElo "1947"]
[BlackElo "1957"]
[PlyCount "39"]
[EventDate "2011.04.01"]
[EventType "tourn"]
[EventRounds "5"]
[EventCountry "DEN"]
[SourceTitle "EXT 2023"]
[Source "ChessBase"]
[SourceDate "2022.10.05"]
[SourceVersion "1"]
[SourceVersionDate "2022.10.05"]
[SourceQuality "1"]

1. c4 f5 2. Nc3 Nf6 3. d3 g6 4. g3 Bg7 5. Bg2 d6 6. e4 Nc6 7. Nge2 0-0 8. 0-0 e5 9. Nd5 Ne7 10. Bg5 c6 11. Nxf6+ Bxf6 12. Bxf6 Rxf6 13. exf5 Nxf5 14. d4 exd4 15. Nxd4 Qb6 16. Nxf5 Bxf5 17. Qd2 Raf8 18. Kh1 Be6 19. b3 a5 20. f4 1/2-1/2

[Event "Taastrup Quick Weekend 13th M2"]
[Site "Taastrup"]
[Date "2011.04.03"]
[Round "4"]
[White "Eddy, Samuel"]
[Black "Moller, Arne Vagn"]
[Result "1/2-1/2"]
[WhiteElo "1957"]
[BlackElo "1936"]
[PlyCount "90"]
[EventDate "2011.04.01"]
[EventType "tourn"]
[EventRounds "5"]
[EventCountry "DEN"]
[SourceTitle "EXT 2023"]
[Source "ChessBase"]
[SourceDate "2022.10.05"]
[SourceVersion "1"]
[SourceVersionDate "2022.10.05"]
[SourceQuality "1"]

1. d4 Nf6 2. c4 e6 3. Nf3 c5 4. d5 exd5 5. cxd5 d6 6. Nc3 Bf5 7. Bg5 Be7 8. e3 0-0 9. Be2 Nbd7 10. 0-0 h6 11. Bh4 Ne4 12. Bxe7 Qxe7 13. Nxe4 Bxe4 14. Qb3 Nf6 15. Rfd1 a6 16. a4 a5 17. Ne1 Qe5 18. Bf3 Rfe8 19. Ra3 Qf5 20. Bxe4 Qxe4 21. f3 Qe5 22. e4 Nh5 23. Nd3 Qd4+ 24. Nf2 Qb4 25. Qc3 c4 26. Rd4 Rac8 27. Ra1 Rc5 28. g3 Qb6 29. Rc1 Rec8 30. f4 Qc7 31. Ng4 Qd7 32. Qf3 b5 33. axb5 Rxb5 34. Ne3 Qh3 35. Nxc4 Rxb2 36. Nxb2 Rxc1+ 37. Nd1 Nf6 38. Rd2 Qd7 39. Qd3 Qa7+ 40. Kg2 Ng4 41. Kf3 h5 42. h3 Rxd1 43. hxg4 hxg4+ 44. Kxg4 Qd7+ 45. Kf3 Rxd2 1/2-1/2

[Event "Hillerod NSU op"]
[Site "Hillerod"]
[Date "2009.01.04"]
[Round "4"]
[White "Eddy, Samuel"]
[Black "Pedersen, Christopher RNH"]
[Result "0-1"]
[WhiteElo "1967"]
[BlackElo "1878"]
[PlyCount "50"]
[EventDate "2009.01.02"]
[EventType "swiss"]
[EventRounds "5"]
[EventCountry "DEN"]
[SourceTitle "EXT 2018"]
[Source "ChessBase"]
[SourceDate "2017.10.13"]
[SourceVersion "1"]
[SourceVersionDate "2017.10.13"]
[SourceQuality "1"]

1. e4 c5 2. Nf3 d6 3. d4 cxd4 4. Nxd4 Nf6 5. Nc3 a6 6. Bg5 e6 7. f4 Qc7 8. Bxf6 gxf6 9. Qf3 b5 10. Bxb5+ axb5 11. Ndxb5 Qb6 12. 0-0-0 Bd7 13. f5 Be7 14. e5 Bxb5 15. fxe6 Bc6 16. exf7+ Kf8 17. Qh3 h5 18. exd6 Bd8 19. Rhe1 Bd7 20. Qd3 Nc6 21. Nd5 Qf2 22. Ne7 Nb4 23. Ng6+ Kg7 24. Qb3 Rxa2 25. Kb1 Qa7 0-1

[Event "Hillerod NSU op"]
[Site "Hillerod"]
[Date "2009.01.03"]
[Round "2"]
[White "Eddy, Samuel"]
[Black "Christensen, Esben"]
[Result "1/2-1/2"]
[WhiteElo "1967"]
[BlackElo "1990"]
[PlyCount "46"]
[EventDate "2009.01.02"]
[EventType "swiss"]
[EventRounds "5"]
[EventCountry "DEN"]
[SourceTitle "EXT 2018"]
[Source "ChessBase"]
[SourceDate "2017.10.13"]
[SourceVersion "1"]
[SourceVersionDate "2017.10.13"]
[SourceQuality "1"]

1. d4 Nf6 2. Nf3 g6 3. Bg5 Bg7 4. Nbd2 d6 5. e3 c6 6. c3 Qc7 7. Bd3 Nbd7 8. 0-0 0-0 9. Re1 b6 10. e4 e5 11. Nc4 b5 12. Ncd2 a6 13. c4 exd4 14. Nxd4 Nc5 15. Bf1 bxc4 16. Bxc4 Re8 17. f3 Nfd7 18. Nxc6 Nb6 19. Nb4 Bxb2 20. Nd5 Nxd5 21. Bxd5 Rb8 22. Rb1 Be6 23. Nc4 Bc3 1/2-1/2